| 000 | 00734nam a22001337a 4500 | ||
|---|---|---|---|
| 040 | _cRUA | ||
| 082 | _aAGR LY 2010 B047 Or.1 | ||
| 100 | _aLY SOVANARITH | ||
| 245 | _aWeed control on cowpea in crop station at royal university of agriculture,(វិធានការកំចាត់រុក្ខជាតិចង្រៃលើដំណាំសណ្តែកអង្គុយ នៅក្នុងស្នានីយ៍ពិសោធន៍ដំណាំនៃសាកលវិទ្យាល័យភូមិ្ទកសិកម្ម) | ||
| 260 |
_aPhnom Penh _bRUA _c2010 |
||
| 300 |
_axi, 47 _bill. _c29cm. |
||
| 856 | _uhttps://drive.google.com/file/d/17GbkrK01EtehZiDisY1UmPjG5H1XBl8f/view?usp=sharing | ||
| 942 | _cAGR | ||
| 999 |
_c1150 _d1150 |
||